Partiuclars and conditions of sale of a valuable property...adjoining the town of Buckingham... (Record no. 116611)

MARC details
000 -LEADER
fixed length control field 00767cam a22001935a 4500
001 - CONTROL NUMBER
control field L141131
008 - FIXED-LENGTH DATA ELEMENTS--GENERAL INFORMATION
fixed length control field 071030s1831 xxk eng u
035 ## - SYSTEM CONTROL NUMBER
System control number (Sirsi) u141131
041 0# - LANGUAGE CODE
Language code of text/sound track or separate title eng
110 2# - MAIN ENTRY--CORPORATE NAME
Corporate name or jurisdiction name as entry element George Robins
245 00 - TITLE STATEMENT
Title Partiuclars and conditions of sale of a valuable property...adjoining the town of Buckingham...
Remainder of title the estate will be sold by auction by Mr George Robins at the Auction Mart, opposite the Bank of England on Thursday the 11th of August 1831...
260 ## - PUBLICATION, DISTRIBUTION, ETC.
Place of publication, distribution, etc. S.l.
Name of publisher, distributor, etc. s.n.
Date of publication, distribution, etc. [1831]
300 ## - PHYSICAL DESCRIPTION
Extent 3 leaves
Other physical details map
Dimensions 40 x 25 cm., folded to 25 x 10 cm.
340 ## - PHYSICAL MEDIUM
Material base and configuration Printed
351 ## - ORGANIZATION AND ARRANGEMENT OF MATERIALS
Hierarchical level Single item
651 4# - SUBJECT ADDED ENTRY--GEOGRAPHIC NAME
Geographic name Buckinghamshire
690 ## - LOCAL SUBJECT ADDED ENTRY--TOPICAL TERM (OCLC, RLIN)
Topical term or geographic name as entry element PROPERTY-PROPERTY ACQUISITION AND DISPOSAL-ACQUISITION AND DISPOSAL AT AUCTION
942 ## - ADDED ENTRY ELEMENTS (KOHA)
Suppress in OPAC 0
Holdings
Withdrawn status Lost status Source of classification or shelving scheme Damaged status Not for loan Home library Current library Shelving location Date acquired Total Checkouts Full call number Barcode Date last seen Copy number Price effective from Koha item type
    Dewey Decimal Classification     London London Basement 30/10/2007   BASEMENT BOX 5 141131-1001 06/08/2019 1 06/08/2019 Archive